Science Quiz

Random Science Quiz
Score 0/10 Timer 05:00
0 Plays Today
Hint Answer % Correct
Red _____ cells carry oxygen to the lungs.blood
89.4%
__________________ is the gas you breathe out.carbon dioxide
87.4%
The ______ are the major organs in the respiratory system.lungs
85%
Oxygen is found in the _______ all around us.air
83.7%
What protects the lungs and chest cavity?ribcage
80.9%
____________ and ______________ are the two gases constant in the respiratory system.oxygen carbon dioxide
79.7%
Air comes in and out of the _____ and _____.nose mouth
66.7%
There are ___ lobes in the right lung.3
58.9%
The _______ is the tube-like part of the respiratory system.bronchi
56.1%
The _____ acts like a filter in the respiratory system.trachea
35.4%
Come Together.
Have Fun.
All Virtual.
We all need to come together. Play Sporcle's virtual live trivia to have fun, connect with people, and get your trivia on. Join a live hosted trivia game for your favorite pub trivia experience done virtually. If a virtual private party is more your thing, go here for details.

You're not logged in!

Compare scores with friends on all Sporcle quizzes.
OR
Log In

Sporcle TV

Today on Sporcle TV


Watch our educational content, quiz creation guides, and fun videos on Sporcle TV.

Show Comments

Extras

Created Mar 14, 2011ReportNominate
Tags:Respiratory

Top Quizzes Today


Score Distribution

Paid Content

Your Account Isn't Verified!

In order to create a playlist on Sporcle, you need to verify the email address you used during registration. Go to your Sporcle Settings to finish the process.

Report this User

Report this user for behavior that violates our Community Guidelines.

Details: